| 000 | 00653nam a2200253Ia 4500 | ||
|---|---|---|---|
| 008 | 160803s9999 xx 000 0 und d | ||
| 020 | _a9780590622165 | ||
| 100 | _aReiser, Lynn | ||
| 245 | _aMargaret and Margarita, Margarita y Margaret / | ||
| 245 | _cLynn Reiser. | ||
| 260 | _aNew York : | ||
| 260 | _bScholastic Inc. | ||
| 260 | _c1993 | ||
| 300 | _a1 volume (unpaged) : | ||
| 300 | _bcolor illustrations ; | ||
| 300 | _c22 cm. | ||
| 650 | _aParks -- | ||
| 650 | _aPlay -- | ||
| 650 | _aSpanish language materials -- | ||
| 650 | _xBilingual. | ||
| 650 | _xJuvenile fiction. | ||
| 650 | _xJuvenile fiction. | ||
| 700 | _a180 | ||
| 999 |
_c299012 _d299012 |
||